00947cam a2200277 a 4500952014300000999001700143001000800160003000400168005001700172008004100189010001700230020001500247020001800262040001600280050002500296082001500321100003300336245008000369260005100449300001300500490002500513504004100538650001100579830004300590942003600633 00102ddc40708ISLAMaMESbMEScISLd2019-02-20g380.00l2m2o297 EAT/Ip38665r2023-11-24 13:37:10s2023-10-13w2019-02-20yBKzGL48R3 c23316d233161016464OSt20200210101211.0870730s1985 enk b 000 0 eng c a 87673275  a8182717124 a9788182717121 aMHcMHdDLC14aBP161.2b.E27x 1985b a297bEAT/I1 aEaton, Gai,d1921-20109190410aIslamum Manushya Bhagadheyavum = Islam and the destiny of man /cGai Eaton. aKozhikode :bIslamic Publishing house ;c1985. a480 p. ;1 aSUNY series in Islam aIncludes bibliographical references. 0aIslam. 0aSUNY series in Islam (London, England) 2ddccBKh297iEAT/Ik297mEAT/I